| 000 | 00363nam a22001457a 4500 | ||
|---|---|---|---|
| 003 | LK-CoDNM | ||
| 005 | 20240812124940.0 | ||
| 008 | 240812b |||||||| |||| 00| 0 eng d | ||
| 040 |
_aLK-CoDNM _dLK-CoDNM _eLK-CoDNM |
||
| 080 | _bGP1968 | ||
| 245 | _aParliamentary debates | ||
| 260 |
_aColombo _bGovernment press _c1968 |
||
| 300 | _b348p. ; 24 cm | ||
| 942 | _cBK | ||
| 999 |
_c147186 _d147186 |
||